000 01238cam a2200337 i 4500
001 18879198
003 SISC
005 20161207020829.0
008 151203s2016 enka b 001 0 eng
010 _a 2015042827
020 _a9781138899803 (hbk)
020 _a9781138899810 (pbk)
020 _z9781315696768 (ebk)
040 _aDLC
_beng
_cDLC
_erda
_dDLC
042 _apcc
050 0 0 _aTR 183
_b.D55 2016
082 0 0 _a770
245 0 0 _aDigital photography and everyday life :
_bempirical studies on material visual practices /
_cedited by Edgar Gómez Cruz and Asko Lehmuskallio.
260 _aNY :
_bRoutledge,
_c2016.
300 _axiv, 295 pages :
_billustrations ;
_c24 cm
490 0 _aRoutledge studies in European communication research and education.
500 _aIncludes bibliographical references and index.
650 0 _aPhotography
_xSocial aspects.
650 0 _aPopular culture.
650 0 _aPhotography
_xDigital techniques.
700 1 _aGómez Cruz, Edgar,
_eeditor.
700 1 _aLehmuskallio, Asko,
_eeditor.
906 _a7
_bcbc
_corignew
_d1
_eecip
_f20
_gy-gencatlg
942 _2lcc
_cBK
999 _c305360
_d305360